| 000 | 00608nam a2200241 a 4500 | ||
|---|---|---|---|
| 001 | nice12345678 | ||
| 003 | IN_TiNIC | ||
| 005 | 20260116011755.0 | ||
| 008 | 050524s1979 dela grp 000 0 eng | ||
| 020 |
_a _c9 |
||
| 082 | 0 | 0 |
_a297.63 _bUBA |
| 100 | _aUbaidul Akbar, Muhammad | ||
| 245 | _aOrations of Muhammad the Prophet of Islam | ||
| 260 |
_aDelhi _bKitab Bhavan _c1979 |
||
| 300 | _a106p | ||
| 500 | _aincludes index and biblioraphy | ||
| 505 | 2 | _a3 parts | |
| 650 | _aMuhammad, Prophet-Speeches | ||
| 700 | 1 | _aUbaidul Akbar, Muhammad | |
| 902 | _bSRS | ||
| 942 | _cBK | ||
| 999 |
_c3867 _d3867 |
||